Expanding the past : a reader in social history : essays from the Journal of social history /

Bibliographic Details
Other Authors: Stearns, Peter N.
Format: Book
Language:English
Published: New York : New York University Press, [1988]
Subjects:

MARC

Tag First Indicator Second Indicator Subfields
LEADER 00000cam a2200000 a 4500
001 in00000028058
005 20151007055948.0
008 871110s1988 nyua b 00100 eng
010 |a  87031365  
020 |a 0814778763 :  |c $40.00 
020 |a 0814778771 (pbk.) :  |c $15.00 
035 |a (OCoLC)17104092 
035 |9 AAB9747AM 
040 |a DLC  |c DLC  |d UtOrBLW 
049 |a TXAM  |c [A10937426] 
050 0 0 |a HN27  |b .E96 1988 
082 0 |a 301  |2 19 
245 0 0 |a Expanding the past :  |b a reader in social history : essays from the Journal of social history /  |c Peter N. Stearns, editor. 
264 1 |a New York :  |b New York University Press,  |c [1988] 
264 4 |c ©1988 
300 |a x, 394 pages :  |b illustrations ;  |c 24 cm. 
336 |a text  |b txt  |2 rdacontent 
337 |a unmediated  |b n  |2 rdamedia 
338 |a volume  |b nc  |2 rdacarrier 
504 |a Includes bibliographies and index. 
650 0 |a Social history. 
650 0 |a Sociology. 
700 1 |a Stearns, Peter N. 
730 0 |a Journal of social history. 
999 |a MARS 
999 f f |s 74c57e83-b3d0-3e69-96ce-27efa311c5ff  |i bdebc5cd-14ce-31e5-b1fa-0f0f2c4c25db  |t 0 
952 f f |p ric  |a Texas A&M University  |b Rellis Campus  |c Joint Library Facility  |d Remote Storage  |t 0  |e HN27 .E96 1988  |h Library of Congress classification  |i unmediated -- volume  |m A14810937426 
998 f f |a HN27 .E96 1988  |t 0  |l Remote Storage